000 00407nam a2200157 i 4500
001 bg
245 0 _aObsługa samochodów importowanych /
_cWiesław Bielewicz [i in.].
260 _aWarszawa,
_c1983.
650 9 _aSamochody
_xobsługa i eksploatacja
700 1 _aBIELEWICZ, Wiesław.
040 _cBPK
041 _apol
080 _a629.113
942 _cKS
008 s pl f |000 0 pol
999 _c1899
_d1899
856 _uhttp://koha.tu.koszalin.pl/cgi-bin/koha/opac-detail.pl?biblionumber=1899
_yKatalog online BPK